Meranie výkonnosti podniku
Návrh a výber vhodných ukazovateľov hodnotiacich výkonnosť podniku. Špecifické podmienky podniku, ktoré treba rešpektovať, a ktoré sa využívajú v praxi niekoľko rokov, ale aj moderné ukazovatele hodnotenia výkonnosti podniku.
Salvato in:
| Autore principale: | |
|---|---|
| Natura: | Capitolo di libro |
| Lingua: | slovacco |
| Soggetti: | |
| Tags: |
Nessun Tag, puoi essere il primo ad aggiungerne!!
|
MARC
| LEADER | 00000nla a2200000 4500 | ||
|---|---|---|---|
| 001 | 0161238 | ||
| 005 | 20221103131456.1 | ||
| 041 | 0 | |a slo | |
| 044 | |a SK | ||
| 245 | 1 | 0 | |a Meranie výkonnosti podniku |c Mária Mišanková |
| 520 | |a Návrh a výber vhodných ukazovateľov hodnotiacich výkonnosť podniku. Špecifické podmienky podniku, ktoré treba rešpektovať, a ktoré sa využívajú v praxi niekoľko rokov, ale aj moderné ukazovatele hodnotenia výkonnosti podniku. | ||
| 610 | 2 | 0 | |a výkony podnikové |
| 610 | 2 | 0 | |a výkonnosť |
| 610 | 2 | 0 | |a riadenie výkonov |
| 610 | 2 | 0 | |a funkcie podniku |
| 610 | 2 | 0 | |a meranie výkonnosti |
| 610 | 2 | 0 | |a ukazovatele výkonnosti |
| 100 | 1 | |a Mišanková, Mária | |